Áp dụng kỹ thuật mới trong ấp trứng gia cầm : Đạt hiệu quả cao

Sách cung cấp những vấn đề cơ bản về trứng gia cầm. Qua đó, sách nêu lên quy trình kỹ thuật ấp trứng gia cầm bằng máy ấp công nghiệp cũng như cách làm thế nào để sản xuất gia cầm con 1 ngày tuổi chất lượng cao....

Description complète

Enregistré dans:
Détails bibliographiques
Auteur principal: Bùi, Đức Lũng
Format: Livre
Langue:Undetermined
Publié: Hà Nội Nông nghiệp 2011
Sujets:
Tags: Ajouter un tag
Pas de tags, Soyez le premier à ajouter un tag!
Thư viện lưu trữ: Trung tâm Học liệu Trường Đại học Cần Thơ
LEADER 01022nam a2200229Ia 4500
001 CTU_214962
008 210402s9999 xx 000 0 und d
020 |c 31200 
082 |a 636.5142 
082 |b L513 
100 |a Bùi, Đức Lũng 
245 0 |a Áp dụng kỹ thuật mới trong ấp trứng gia cầm : 
245 0 |b Đạt hiệu quả cao 
245 0 |c Bùi Đức Lũng 
260 |a Hà Nội 
260 |b Nông nghiệp 
260 |c 2011 
520 |a Sách cung cấp những vấn đề cơ bản về trứng gia cầm. Qua đó, sách nêu lên quy trình kỹ thuật ấp trứng gia cầm bằng máy ấp công nghiệp cũng như cách làm thế nào để sản xuất gia cầm con 1 ngày tuổi chất lượng cao. 
650 |a Poultry,Chickens eggs,Gia cầm,Trứng gà 
650 |x Breeding,Chăn nuôi 
904 |i Qhieu 
980 |a Trung tâm Học liệu Trường Đại học Cần Thơ